Titian : [published to accompany an exhibition at the National Gallery, London, 19 February - 18 May 2003]

Saved in:
Bibliographic Details
Other Authors: Jaffé, David (Editor, Hrsg.)
Vecellio, Tiziano (Illustrator)
Document Type: Book
Language:English
Published: London : National Gallery [u.a.] , 2003
Edition:1. publ.
Subjects:
Online Access:Inhaltsverzeichnis
Rezension
Verlagsangaben
Autorenbiografie
Inhaltsverzeichnis
Related Items:Rezensiert in: [Rezension von: Charles Hope / Jennifer Fletcher / Jill Dunkerton, Titian]
Author Notes:essays by Charles Hope ... Catalogue ed. by David Jaffé ...
LEADER 03700cam a2200757 c 4500
001 723793360
003 DE-627
005 20260206203752.0
007 tu
008 030317s2003 xxk||||| c 00| ||eng c
010 |a  2002116003 
016 7 |a bA3Z8973  |2 UK 
020 |q : £25.00 
020 |a 1857099036  |9 1-85709-903-6 
020 |a 1857099044  |9 1-85709-904-4 
024 3 |a 9781857099041 
035 |a (DE-627)723793360 
035 |a (DE-603)110295889 
035 |a (DE-576)103783768 
035 |a (DE-599)GBV723793360 
035 |a (OCoLC)314096187 
035 |a (OCoLC)314096187 
035 |a (OCoLC)451136830 
035 |a (AT-OBV)AC03787411 
040 |a DE-627  |b ger  |c DE-627  |e rakwb 
041 |a eng 
044 |c XA-GB 
050 0 |a ND623.T7 
050 0 |a N 
050 0 |a ND 
082 0 |a 759.5 
084 |a 9,10  |2 ssgn 
084 |a LI 89550  |2 rvk  |0 (DE-625)rvk/97277:13278 
245 0 0 |a Titian  |b [published to accompany an exhibition at the National Gallery, London, 19 February - 18 May 2003]  |c essays by Charles Hope ... Catalogue ed. by David Jaffé ... 
250 |a 1. publ. 
264 1 |a London  |b National Gallery [u.a.]  |c 2003 
300 |a 192 S.  |b überwiegend Ill.  |c 28 cm 
336 |a Text  |b txt  |2 rdacontent 
337 |a ohne Hilfsmittel zu benutzen  |b n  |2 rdamedia 
338 |a Band  |b nc  |2 rdacarrier 
500 |a Literaturverzeichnis Seite [181] - 186 
583 1 |a Archivierung/Langzeitarchivierung gewährleistet  |f SSG  |x XA-DE-BW  |2 pdager  |5 DE-16 
600 1 0 |a Titian  |d approximately 1488-1576  |v Exhibitions 
600 1 0 |a Titian  |d approximately 1488-1576  |x Criticism and interpretation 
600 1 7 |0 (DE-588)118622994  |0 (DE-627)133455408  |0 (DE-576)163323321  |a Vecellio, Tiziano  |d 1490-1576  |2 gnd 
655 7 |a Ausstellungskatalog  |x National Gallery  |y 19.02.-18.05.2003  |0 (DE-588)4135467-9  |0 (DE-627)10566491X  |0 (DE-576)209660988  |2 gnd-content 
655 7 |a Ausstellungskatalog  |y 2003  |z London  |0 (DE-588)4135467-9  |0 (DE-627)10566491X  |0 (DE-576)209660988  |2 gnd-content 
689 0 0 |d p  |0 (DE-588)118622994  |0 (DE-627)133455408  |0 (DE-576)163323321  |a Vecellio, Tiziano  |d 1490-1576  |2 gnd 
689 0 |5 (DE-627) 
700 1 |a Hope, Charles  |4 oth 
700 1 |a Jaffé, David  |e Hrsg.  |4 edt 
700 1 |a Vecellio, Tiziano  |d 1490-1576  |e Ill.  |0 (DE-588)118622994  |0 (DE-627)133455408  |0 (DE-576)163323321  |4 ill 
710 2 |a The National Gallery  |g London  |0 (DE-588)1003322-1  |0 (DE-627)103012435  |0 (DE-576)191150800  |4 oth 
787 0 8 |i Rezensiert in  |a Strupp, Joachim  |t [Rezension von: Charles Hope / Jennifer Fletcher / Jill Dunkerton, Titian]  |d 2003  |w (DE-627)1920613188 
856 4 2 |u https://swbplus.bsz-bw.de/bsz103783768inh.htm  |m B:DE-576;DE-16  |q application/pdf  |v 20100201203118  |x Verlag  |3 Inhaltsverzeichnis  |7 1 
856 4 2 |u http://www.sehepunkte.de/2003/03/2393.html  |m V:DE-576;X:Sehepunkte  |q text/html  |v 20180424113611  |3 Rezension  |7 1 
856 4 2 |u http://www.loc.gov/catdir/description/yale051/2002116003.html  |x Verlag  |3 Verlagsangaben  |7 1 
856 4 2 |u http://www.loc.gov/catdir/enhancements/fy0613/2002116003-b.html  |x Verlag  |3 Autorenbiografie  |7 1 
856 4 2 |u http://scans.hebis.de/HEBCGI/show.pl?11029588_toc.pdf  |m V:DE-576;B:DE-16  |q application/pdf  |3 Inhaltsverzeichnis  |7 1 
935 |i Blocktest 
936 r v |a LI 89550  |b Werkverzeichnisse, Ausstellungskataloge. Personalbibliografien  |k Kunstgeschichte  |k Künstler-Monografien  |k Alphabetische Künstlerliste  |k Künstler T  |k Tiziano Vecellio (bis 89560)  |k Werkverzeichnisse, Ausstellungskataloge. Personalbibliografien  |0 (DE-627)1270704893  |0 (DE-625)rvk/97277:13278  |0 (DE-576)200704893 
936 s n |a l300  |2 mzub 
951 |a BO 
990 |a Vecellio, Tiziano 
991 |a Rezensiertes Werk 
999 |a KXP-PPN723793360  |e 4957217599